000
00262nam a2200109Ia 4500
005
20251222114402.0
008
251222s1900||||xx |||||||||||||| ||spa||
082
_a
DVD0153/M29/2006
245
0
_a
Los enigmas de Guadalupe.
264
_b
Maussan, Jaime
942
_c
DVD
999
_c
1691
_d
1691